| 000 | 00479nam a2200169Ia 4500 | ||
|---|---|---|---|
| 008 | 240729s9999 xx 000 0 und d | ||
| 022 | _a1857-7415 | ||
| 245 | 0 | _aMacedonian Veterinary Review | |
| 260 | _aNorth Macedonia | ||
| 260 | _bSs.Cyril and Methodius University, Skopje | ||
| 650 | _a Animal culture | ||
| 650 | _a Veterinary medicine | ||
| 650 | _aAgriculture | ||
| 856 | _uhttps://doaj.org/toc/f461f7e81757479db150fe8dd9c82024 | ||
| 942 | _2ddc | ||
| 942 | _cDOAJEJ | ||
| 999 |
_c72183 _d72183 |
||
| 945 |
_a1 _bMadushi Gamage _c1 _dMadushi Gamage |
||